000
00249nam a2200109Ia 4500
008
190216s9999||||xx |||||||||||||| ||und||
100
_a
Barness
245
0
_a
Chess Problems
260
_b
Elliot Right Way Books
650
_a
References
942
_c
REF
999
_c
35582
_d
35582